Decoración en la mesa: trabajo de hielo, caramelo, mantequilla, chocolate (Registro nro. 1421)
[ vista simple ]
| 000 -CABECERA | |
|---|---|
| campo de control de longitud fija | 00593aam a2200217 4500 |
| 005 - FECHA Y HORA DE ACTUALIZACIÓN | |
| campo de control | 20161011172221.0 |
| 008 - LONGITUD FIJA | |
| campo de control de longitud fija | 150618b xxu||||| |||| 00| 0 spa d |
| 041 ## - IDIOMA | |
| Código de idioma del texto/pista de sonido o título separado | |
| 082 ## - CLASIFICACIÓN DECIMAL DEWEY | |
| Número de clasificación | 1.4.17 A915d |
| 100 ## - AUTOR PERSONAL | |
| Nombre de persona | Audry, Ofelia |
| 245 ## - TÍTULO PROPIAMENTE DICHO | |
| Título | Decoración en la mesa: trabajo de hielo, caramelo, mantequilla, chocolate |
| 260 ## - PIE DE IMPRENTA | |
| Lugar de publicación, distribución, etc. | México |
| 260 ## - PIE DE IMPRENTA | |
| Nombre del editor, distribuidor, etc. | Trillas |
| 260 ## - PIE DE IMPRENTA | |
| Fecha de publicación, distribución, etc. | 1998 |
| 300 ## - DESCRIPCIÓN FÍSICA | |
| Extensión | 96 páginas |
| 650 ## - Materia General | |
| Materia general | RECETAS DE COCINA |
| 650 ## - Materia General | |
| Materia general | ARREGLO Y DECORACIÓN |
| 650 ## - Materia General | |
| Materia general | TRABAJOS DE HIELO |
| 650 ## - Materia General | |
| Materia general | CHOCOLATE |
| 942 ## - Punto de Acceso Adicional Koha | |
| Tipo de ítem Koha | Libro |
| Estado perdido | Estado dañado | No para préstamo | Biblioteca permanente | Biblioteca actual | Signatura completa | Código de barras | Precio efectivo a partir del | Tipo de ítem |
|---|---|---|---|---|---|---|---|---|
| Departamento de Biblioteca y Documentación Alfonso Chase Brenes | Departamento de Biblioteca y Documentación Alfonso Chase Brenes | 1.4.17 A915d | 10382 | 11/10/2016 | Libro | |||
| Departamento de Biblioteca y Documentación Alfonso Chase Brenes | Departamento de Biblioteca y Documentación Alfonso Chase Brenes | 1.4.17 A915d | 10383 | 11/10/2016 | Libro |